00402nam a2200157Ia 4500003000400000008004100004040001600045082001300061100001900074245003900093260004000132300001000172490002500182650001500207650002200222GCL140319s9999 xx 000 0 eng d aGCL / cGCL04a843bM C1 aMALRAUX, ANDRE10aLES CONQUERANTS / cMALRAUX, ANDRE a[S.N] : bBERNARD GRASSET ، c1992 a385 P aLE LIVRE DE POCHEv004aLITERATURE04aFRENCH LITERATURE